Institut del Teatre : Higher School of Dramatic Arts Higher School of Dramatic Arts
Descripción Física:
1 tríptic ; il·lustracions color ; 15 x 21 cm
Materias:
Institut del Teatre (Barcelona, Catalunya) -- Currículums
; Institut del Teatre (Barcelona, Catalunya) -- Ensenyament
; Teatre -- Ensenyament
Idioma:
Catalán , English
MARC
| LEADER | 00000nam a22000007a 4500 | ||
|---|---|---|---|
| 001 | 27955 | ||
| 003 | Arxiu | ||
| 005 | 20260324181517.0 | ||
| 008 | 230530b spa||||| |||| 00| 0 cat d | ||
| 017 | |a B 7083-2017 | ||
| 040 | |a agdb |b cat | ||
| 041 | |a eng | ||
| 240 | |a Institut del Teatre : Escola Superior d'Art Dramàtic |l [anglès] | ||
| 245 | |a Institut del Teatre : |b Higher School of Dramatic Arts | ||
| 260 | |a Barcelona : |b Institut del Teatre ; |c 2017 | ||
| 300 | |a 1 tríptic ; |b il·lustracions color ; |c 15 x 21 cm | ||
| 546 | |a També en castellà (R. 27959) | ||
| 610 | 2 | 0 | |9 53086 |a Institut del Teatre (Barcelona, Catalunya) |x Currículums |
| 610 | 0 | |9 56141 |a Institut del Teatre (Barcelona, Catalunya) |x Ensenyament | |
| 650 | 0 | |2 Arxiu |9 30511 |a Teatre |x Ensenyament | |
| 710 | 1 | |9 52662 |a Institut del Teatre (Barcelona, Catalunya) | |
| 942 | |2 udc |c ARXIU |n 1 | ||
| 952 | |0 0 |1 0 |2 udc |4 0 |6 FU75149 |7 1 |9 66429 |a Arxiu |b Arxiu |d 2023-05-30 |l 0 |o FU-75-149 |p 27955 |r 2023-05-30 00:00:00 |w 2023-05-30 |y ARXIU | ||
| 999 | |c 83770 |d 83770 | ||